A student's guide to numerical methods / (Record no. 23507)

MARC details
000 -LEADER
fixed length control field 01137cam a2200337 i 4500
001 - CONTROL NUMBER
control field 18395212
003 - CONTROL NUMBER IDENTIFIER
control field EG-ScBUE
005 - DATE AND TIME OF LATEST TRANSACTION
control field 20241029093634.0
008 - FIXED-LENGTH DATA ELEMENTS--GENERAL INFORMATION
fixed length control field 141204s2015 enka f b f001 0 eng d
020 ## - INTERNATIONAL STANDARD BOOK NUMBER
International Standard Book Number 9781107479500
020 ## - INTERNATIONAL STANDARD BOOK NUMBER
International Standard Book Number 1107479509
040 ## - CATALOGING SOURCE
Original cataloging agency DLC
Language of cataloging eng
Description conventions rda
Transcribing agency DLC
Modifying agency DLC
-- EG-ScBUE
082 04 - DEWEY DECIMAL CLASSIFICATION NUMBER
Classification number 518
Edition number 22
Item number HUT
100 1# - MAIN ENTRY--PERSONAL NAME
Personal name Hutchinson, I. H.
Fuller form of name (Ian H.),
Dates associated with a name 1951-
Relator term author.
245 12 - TITLE STATEMENT
Title A student's guide to numerical methods /
Statement of responsibility, etc Ian H. Hutchinson, Massachusetts Institute of Technology.
264 #1 - PUBLICATION, DISTRIBUTION, ETC. (IMPRINT)
Place of publication, distribution, etc Cambridge :
Name of publisher, distributor, etc Cambridge University Press,
Date of publication, distribution, etc 2015.
300 ## - PHYSICAL DESCRIPTION
Extent xiv, 207 pages :
Other physical details illustrations ;
Dimensions 24 cm
336 ## - CONTENT TYPE
Source rdacontent
Content type term text
Content type code txt
337 ## - MEDIA TYPE
Media type term unmediated
Source rdamedia
Media type code n
338 ## - CARRIER TYPE
Carrier type term volume
Carrier type code nc
Source rdacarrier
504 ## - BIBLIOGRAPHY, ETC. NOTE
Bibliography, etc Includes bibliographical references and index.
650 #7 - SUBJECT ADDED ENTRY--TOPICAL TERM
Topical term or geographic name as entry element Numerical analysis.
Source of heading or term BUEsh
9 (RLIN) 465
650 #7 - SUBJECT ADDED ENTRY--TOPICAL TERM
Topical term or geographic name as entry element Measurement.
Source of heading or term BUEsh
9 (RLIN) 6915
650 #7 - SUBJECT ADDED ENTRY--TOPICAL TERM
Topical term or geographic name as entry element Number concept.
Source of heading or term BUEsh
650 #7 - SUBJECT ADDED ENTRY--TOPICAL TERM
Topical term or geographic name as entry element Matrices.
Source of heading or term BUEsh
9 (RLIN) 7107
650 #7 - SUBJECT ADDED ENTRY--TOPICAL TERM
Topical term or geographic name as entry element Mathematics
General subdivision Study and teaching.
Source of heading or term BUEsh
9 (RLIN) 13780
651 ## - SUBJECT ADDED ENTRY--GEOGRAPHIC NAME
Source of heading or term BUEsh
653 ## - INDEX TERM--UNCONTROLLED
Resource For college Communication and mass media
Arrived date list December2016
655 ## - INDEX TERM--GENRE/FORM
Form subdivision Reading book
942 ## - ADDED ENTRY ELEMENTS (KOHA)
Source of classification or shelving scheme Dewey Decimal Classification
Koha item type Book - Borrowing
Holdings
Withdrawn status Lost status Source of classification or shelving scheme Damaged status Not for loan Collection code Home library Current library Shelving location Date acquired Source of acquisition Cost, normal purchase price Serial Enumeration / chronology Total Checkouts Full call number Barcode Date last seen Cost, replacement price Price effective from Koha item type
    Dewey Decimal Classification     Alahram Central Library Central Library First floor 07/12/2016 Purchase 243.00 115   518 HUT 000040337 15/07/2025 313.00 07/12/2016 Book - Borrowing